000 00483nam a2200193Ia 4500
005 20250425161343.0
008 250425s9999 xx 000 0 und d
041 _aeng
082 _a623.873
100 _aGOEHRING, EDWARD P.
245 0 _aMARINE PIPING HANDBOOK FOR DESIGNERS FITTERS OPERATORS
250 _aS.E.
260 _aEstados Unidos
_bCORNELL MARITIME PRESS
_c1944
260 _aNEW YORK
300 _a120
650 _aTUBERIAS
942 _c01
010 _a18399
999 _c207536
_d207536